Vista normal Vista MARC

Entrada Topical Term

Número de registros utilizados en: 3

001 - CONTROL NUMBER

  • control field: 14428

003 - CONTROL NUMBER IDENTIFIER

  • control field: OSt

005 - DATE AND TIME OF LATEST TRANSACTION

  • control field: 20210305142517.0

008 - FIXED-LENGTH DATA ELEMENTS

  • fixed length control field: 210305|| aca||aabn | a|a d

040 ## - CATALOGING SOURCE

  • Original cataloging agency: OSt
  • Transcribing agency: OSt

150 ## - HEADING--TOPICAL TERM

  • Topical term or geographic name entry element: Derecho comercial

670 ## - SOURCE DATA FOUND

  • Source citation: Work cat.: (OSt)0: García-Muñoz, José Alpiniano autor 14427, Derecho económico de los contratos / , 2001.